[Event "Beacon Seniors op"]
[Site "Exmouth"]
[Date "2008.11.19"]
[Round "3"]
[White "Cox, Marion"]
[Black "Sherriff, Alan J"]
[Result "0-1"]
[WhiteElo "1192"]
[BlackElo "1544"]
[PlyCount "84"]
[EventDate "2008.11.17"]
[EventType "swiss"]
[EventRounds "5"]
[EventCountry "ENG"]
[SourceTitle "EXT 2011"]
[Source "ChessBase"]
[SourceDate "2010.11.26"]
[SourceVersion "1"]
[SourceVersionDate "2010.11.26"]
[SourceQuality "1"]

1. e4 e6 2. d4 d5 3. exd5 exd5 4. Nf3 Bd6 5. Nc3 c6 6. Bd3 Ne7 7. 0-0 Bf5 8. Bxf5 Nxf5 9. Re1+ Ne7 10. Qd2 0-0 11. Ne5 f6 12. Nf3 Na6 13. a3 Ng6 14. Ne2 Nc7 15. Qd3 Qd7 16. Bd2 Rfe8 17. b4 Re7 18. h3 Rae8 19. Kf1 a6 20. a4 Na8 21. c4 dxc4 22. Qxc4+ Kf8 23. a5 Nc7 24. Rad1 Nd5 25. Qb3 Re6 26. Qb1 R6e7 27. Nfg1 Re4 28. f3 R4e7 29. g3 Ne3+ 30. Bxe3 Rxe3 31. Kf2 Qe7 32. Nf4 Nxf4 33. gxf4 Rxe1 34. Rxe1 Qxe1+ 35. Qxe1 Rxe1 36. Kxe1 Bxb4+ 37. Kd1 Bxa5 38. Ne2 Ke7 39. Kc2 f5 40. Kb3 b5 41. h4 g6 42. Ng3 Bd8 0-1

[Event "Beacon Seniors op"]
[Site "Exmouth"]
[Date "2008.11.17"]
[Round "1"]
[White "Norman, Kenneth I"]
[Black "Sherriff, Alan J"]
[Result "1-0"]
[WhiteElo "2192"]
[BlackElo "1544"]
[PlyCount "91"]
[EventDate "2008.11.17"]
[EventType "swiss"]
[EventRounds "5"]
[EventCountry "ENG"]
[SourceTitle "EXT 2011"]
[Source "ChessBase"]
[SourceDate "2010.11.26"]
[SourceVersion "1"]
[SourceVersionDate "2010.11.26"]
[SourceQuality "1"]

1. Nf3 Nf6 2. c4 g6 3. d4 Bg7 4. g3 d6 5. Bg2 0-0 6. Nc3 Nc6 7. 0-0 e5 8. d5 Ne7 9. c5 Nd7 10. cxd6 cxd6 11. e4 a6 12. a4 f5 13. exf5 gxf5 14. Ng5 Nf6 15. Qb3 Rb8 16. Be3 b6 17. a5 h6 18. Bxb6 Rxb6 19. axb6 hxg5 20. b7 Bxb7 21. Qxb7 Nd7 22. Qxa6 Nc5 23. Qb5 e4 24. Rfd1 Ng6 25. Na4 Nd3 26. Rxd3 exd3 27. Qxd3 Qa5 28. Qe2 Ne5 29. Ra2 f4 30. Nc3 Qc7 31. Be4 f3 32. Qc2 Qd7 33. Qd1 Qh3 34. Qf1 Qh6 35. Nd1 Ng4 36. h3 Ne5 37. Ne3 Qf6 38. Ra7 Rf7 39. Rxf7 Kxf7 40. Bf5 Bf8 41. Be6+ Kg7 42. b4 Nf7 43. Qd1 Nd8 44. Bg4 Qb2 45. Qxf3 Qxb4 46. Bf5 1-0

[Event "Beacon Seniors op"]
[Site "Exmouth"]
[Date "2006.11.14"]
[Round "2"]
[White "Sherriff, Alan J"]
[Black "Gorodi, John G"]
[Result "0-1"]
[WhiteElo "1544"]
[BlackElo "1736"]
[PlyCount "110"]
[EventDate "2006.11.13"]
[EventType "swiss"]
[EventRounds "5"]
[EventCountry "ENG"]
[SourceTitle "EXT 2008"]
[Source "ChessBase"]
[SourceDate "2007.11.25"]
[SourceVersion "1"]
[SourceVersionDate "2007.11.25"]
[SourceQuality "1"]

1. d4 Nf6 2. Nf3 e6 3. Bf4 d5 4. e3 c5 5. c3 Nc6 6. Nbd2 Be7 7. h3 0-0 8. Bd3 h6 9. 0-0 c4 10. Bc2 Bd6 11. Bxd6 Qxd6 12. e4 dxe4 13. Nxe4 Nxe4 14. Bxe4 Bd7 15. Qe2 Na5 16. Ne5 a6 17. Rfe1 Rab8 18. Nxc4 Nxc4 19. Qxc4 Bb5 20. Qb3 Bc6 21. Qc2 b5 22. a3 Rfc8 23. Bxc6 Rxc6 24. Qe4 Rd8 25. Re2 Rc7 26. Rae1 a5 27. Qe5 Qb6 28. Qe3 b4 29. axb4 axb4 30. d5 Qxe3 31. Rxe3 Rxd5 32. cxb4 Rc4 33. R1e2 Rxb4 34. Rc3 Rdb5 35. Rcc2 h5 36. g3 g5 37. Kg2 Kg7 38. Red2 Kg6 39. Rd7 Rxb2 40. Rxb2 Rxb2 41. Rd4 f5 42. Ra4 Rb6 43. Ra8 Rb7 44. Re8 Kf6 45. Rh8 h4 46. Kf3 g4+ 47. hxg4 fxg4+ 48. Kg2 h3+ 49. Kh2 e5 50. f3 gxf3 51. Rxh3 e4 52. Rh8 e3 53. Rf8+ Rf7 54. Re8 e2 55. Kg1 Re7 0-1

[Event "Beacon Seniors op 60+"]
[Site "Exmouth"]
[Date "2005.11.18"]
[Round "5"]
[White "Sherriff, Alan J"]
[Black "Jenkins, Geoffrey J"]
[Result "1/2-1/2"]
[WhiteElo "1584"]
[BlackElo "1304"]
[PlyCount "48"]
[EventDate "2005.11.14"]
[EventType "swiss"]
[EventRounds "5"]
[EventCountry "ENG"]
[SourceTitle "EXT 2007"]
[Source "ChessBase"]
[SourceDate "2006.11.23"]
[SourceVersion "1"]
[SourceVersionDate "2006.11.23"]
[SourceQuality "1"]

1. e4 e5 2. Nf3 Nc6 3. Bb5 Bc5 4. d3 Nd4 5. Nxd4 Bxd4 6. c3 Bb6 7. 0-0 c6 8. Ba4 d6 9. Na3 Qh4 10. Be3 Bc7 11. Qe2 f5 12. g3 Qh3 13. f4 fxe4 14. dxe4 Bg4 15. Qf2 Nf6 16. Bc2 0-0 17. Qg2 Qh6 18. Rae1 Nd7 19. f5 Bb6 20. Nc4 Bxe3+ 21. Nxe3 Bh3 22. Qe2 Bxf1 23. Rxf1 Nf6 24. c4 b6 1/2-1/2

[Event "Beacon Seniors op 60+"]
[Site "Exmouth"]
[Date "2005.11.15"]
[Round "2"]
[White "Sherriff, Alan J"]
[Black "Footner, John Kenneth"]
[Result "0-1"]
[WhiteElo "1584"]
[BlackElo "1888"]
[PlyCount "140"]
[EventDate "2005.11.14"]
[EventType "swiss"]
[EventRounds "5"]
[EventCountry "ENG"]
[SourceTitle "EXT 2007"]
[Source "ChessBase"]
[SourceDate "2006.11.23"]
[SourceVersion "1"]
[SourceVersionDate "2006.11.23"]
[SourceQuality "1"]

1. d4 Nf6 2. Nf3 g6 3. Bf4 Bg7 4. e3 0-0 5. h3 d6 6. Bd3 Nc6 7. c3 Re8 8. Bg5 h6 9. Bxf6 Bxf6 10. 0-0 e5 11. dxe5 Nxe5 12. Nxe5 Bxe5 13. f4 Bg7 14. e4 d5 15. e5 g5 16. Qf3 gxf4 17. Qxf4 Be6 18. Nd2 Qg5 19. Qxg5 hxg5 20. Nf3 g4 21. hxg4 Bxg4 22. Rae1 Bxf3 23. Rxf3 Bxe5 24. Rfe3 f6 25. Kf1 Kf7 26. Rh3 Rh8 27. Rxh8 Rxh8 28. Ke2 Rh4 29. Kd2 Kg7 30. Re2 Kh6 31. Bf5 Ra4 32. a3 d4 33. cxd4 Rxd4+ 34. Kc2 Kg5 35. Be4 b6 36. Bf3 a5 37. Re4 Rd6 38. Re2 Kf4 39. Re4+ Kf5 40. Re2 Rd4 41. Kc1 Bf4+ 42. Kc2 Rc4+ 43. Kb1 Rc1+ 44. Ka2 Be5 45. Bb7 Kf4 46. Bf3 Kg3 47. Be4 Rf1 48. Bc6 Bd4 49. Rd2 Be3 50. Re2 Bf4 51. Rc2 f5 52. Bd5 Be5 53. Bc6 f4 54. Re2 Bd6 55. Rc2 Bc5 56. Bd5 Rd1 57. Bc6 Be3 58. Be4 c5 59. Bc6 Rg1 60. Re2 Bf2 61. Re6 Be3 62. a4 Kf2 63. Be4 Rxg2 64. Bxg2 Kxg2 65. Rxb6 f3 66. Kb3 f2 67. Rf6 f1Q 68. Rxf1 Kxf1 69. Kc4 Ke2 70. Kb5 Bd2 0-1